Quick Click - Shape Match Minefield Quiz Stats

 Plays Quiz Updated Jul 30, 2017

Support Sporcle.
Go Orange.
Score 0/8 Timer 00:30
1 Play Today
% Correct
???
98.9%
???
75.2%
???
72.7%
???
71.1%
???
69.3%
???
65.4%
???
61.3%
???
50.5%

You're not logged in!

Compare scores with friends on all Sporcle quizzes.
OR
Log In
Forgot?

From the Vault

Prove You Aren't a Robot - 'A' Countries of Europe

by t_rev19

For those of you who enjoy doing captchas.
Remove Ads.
Support Sporcle.
Get the best of Sporcle when you Go Orange. This ad-free experience offers more features, more stats, and more fun while also helping to support Sporcle. Thank you for becoming a member.

Show Comments

Extras

Top Quizzes Today


Score Distribution

Your Account Isn't Verified!

In order to create a playlist on Sporcle, you need to verify the email address you used during registration. Go to your Sporcle Settings to finish the process.

Report this User

Report this user for behavior that violates our Community Guidelines.

Details: